000 00681cam a2200229 a 4500
001 000008846
005 20200929161425.0
008 911116s1989 cu a 001 0 spa
035 _a(DLC) 91819619
040 _aDO-SdBNP
_cDLC
082 _aCu863.44
_bG216m
100 1 _aGarcía Alfonso, Francisco,
_d1916-1987.
_923399
245 1 0 _aMemorias de un pescador /
_cFrancisco García Alfonso.
260 _aLa Habana, (Cuba) :
_bLetras Cubanas,
_c1989.
300 _a370 p. :
_bil. ;
_c18 cm.
490 1 _aEspiral
650 4 _aNovela cubana
_92316
650 4 _aLiteratura cubana
_91483
830 0 _aEspiral.
_914718
910 _aCatalogación por copia / LC
049 _aBNGR
999 _c8615
_d8615